Introduction to health care services : (Record no. 60358)

MARC details
000 -LEADER
fixed length control field 01284cam a2200349 i 4500
001 - CONTROL NUMBER
control field 18211551
005 - DATE AND TIME OF LATEST TRANSACTION
control field 20260415141022.0
008 - FIXED-LENGTH DATA ELEMENTS--GENERAL INFORMATION
fixed length control field 140703t20152015caua b 001 0 eng
010 ## - LIBRARY OF CONGRESS CONTROL NUMBER
LC control number 2014026473
020 ## - INTERNATIONAL STANDARD BOOK NUMBER
International Standard Book Number 9781118407936
020 ## - INTERNATIONAL STANDARD BOOK NUMBER
International Standard Book Number 1118407938
035 ## - SYSTEM CONTROL NUMBER
System control number 18211551
040 ## - CATALOGING SOURCE
Original cataloging agency DLC
Language of cataloging eng
Transcribing agency DLC
Description conventions rda
Modifying agency DLC
042 ## - AUTHENTICATION CODE
Authentication code pcc
043 ## - GEOGRAPHIC AREA CODE
Geographic area code n-us---
050 00 - LIBRARY OF CONGRESS CALL NUMBER
Classification number RA395.A3
Item number H43 2015
082 00 - DEWEY DECIMAL CLASSIFICATION NUMBER
Classification number 368.38/2
Edition number 23
100 1# - MAIN ENTRY--PERSONAL NAME
Personal name Healey, Bernard J.,
Dates associated with a name 1947-
245 10 - TITLE STATEMENT
Title Introduction to health care services :
Remainder of title foundations and challenges /
250 ## - EDITION STATEMENT
Edition statement First edition.
260 ## - PUBLICATION, DISTRIBUTION, ETC. (IMPRINT)
Place of publication, distribution, etc San Francisco:
Name of publisher, distributor, etc Jossey-Bass,
Date of publication, distribution, etc 2015.
300 ## - PHYSICAL DESCRIPTION
Extent xxvii, 445 pages :
Other physical details color illustrations ;
Dimensions 24 cm
504 ## - BIBLIOGRAPHY, ETC. NOTE
Bibliography, etc Includes bibliographical references and index.
650 #0 - SUBJECT ADDED ENTRY--TOPICAL TERM
Topical term or geographic name as entry element Medical care
Geographic subdivision United States.
650 #0 - SUBJECT ADDED ENTRY--TOPICAL TERM
Topical term or geographic name as entry element Health care reform
Geographic subdivision United States.
650 #0 - SUBJECT ADDED ENTRY--TOPICAL TERM
Topical term or geographic name as entry element Public health administration
Geographic subdivision United States.
650 #0 - SUBJECT ADDED ENTRY--TOPICAL TERM
Topical term or geographic name as entry element Medical economics
Geographic subdivision United States.
700 1# - ADDED ENTRY--PERSONAL NAME
Personal name Evans, Tina Marie,
Dates associated with a name 1976-
776 08 - ADDITIONAL PHYSICAL FORM ENTRY
Display text Online version:
Main entry heading Healey, Bernard J., 1947-
Title Introduction to health care services
Place, publisher, and date of publication San Francisco, CA : Jossey-Bass & Pfeiffer Imprints, Wiley, [2015]
International Standard Book Number 9781118450154
Record control number (DLC) 2014026703
906 ## - LOCAL DATA ELEMENT F, LDF (RLIN)
a 7
b cbc
c orignew
d 1
e ecip
f 20
g y-gencatlg
942 ## - ADDED ENTRY ELEMENTS (KOHA)
Source of classification or shelving scheme Library of Congress Classification
Item type Book
Holdings
Withdrawn status Lost status Source of classification or shelving scheme Damaged status Not for loan Collection code Home library Current library Shelving location Date acquired Source of acquisition Cost, normal purchase price Total Checkouts Full call number Barcode Date last seen Copy number Price effective from Koha item type
    Library of Congress Classification   Not For Loan Non-fiction Bishop Okullu Memorial Library (Limuru Campus) Bishop Okullu Memorial Library (Limuru Campus) Processing Center 15/04/2026 Donation- Pittsburgh 12155.00   RA395.A3 H43 2015 073327 15/04/2026 1 15/04/2026 Book